Его сиятельству господину генерал-аншефу, сенатору и обоих российских орденов кавалеру, графу Петру Ивановичу Панину в день, в которой ея императорское величество благоизволила почтить его сиятельство графским достоинством, сентября 22 дня, 1767 году. (Запись № 9707084)
[ простой вид ]
| 000 -МАРКЕР | |
|---|---|
| контрольное поле | 01590nam0a22003371 4500 |
| 001 - ИДЕНТИФИКАТОР ЗАПИСИ | |
| контрольное поле | RU\NLR\A1\32317 |
| 005 - ИДЕНТИФИКАТОР ВЕРСИИ | |
| контрольное поле | 20260405215556.0 |
| 035 ## - ДРУГИЕ СИСТЕМНЫЕ НОМЕРА | |
| Идентификатор записи | (NLR Aleph) 009682466 |
| 100 ## - ДАННЫЕ ОБЩЕЙ ОБРАБОТКИ | |
| Данные общей обработки | 20010912d1767 u y0rusy50 ca |
| 101 0# - ЯЗЫК РЕСУРСА | |
| Язык текста, звукозаписи и т.д. | русский |
| 102 ## - СТРАНА ПУБЛИКАЦИИ ИЛИ ПРОИЗВОДСТВА | |
| Страна публикации | Российская Федерация |
| 200 1# - ЗАГЛАВИЕ И СВЕДЕНИЯ ОБ ОТВЕТСТВЕННОСТИ | |
| Основное заглавие | Его сиятельству господину генерал-аншефу, сенатору и обоих российских орденов кавалеру, графу Петру Ивановичу Панину в день, в которой ея императорское величество благоизволила почтить его сиятельство графским достоинством, сентября 22 дня, 1767 году. |
| Первые сведения об ответственности | Приносит преданнейший слуга Владимер Золотницкой |
| 210 ## - ПУБЛИКАЦИЯ, РАСПРОСТРАНЕНИЕ И ДР. | |
| Место издания, распространения и т.д. | [М.] |
| Имя издателя, распространителя и т. д. | Печ. при Имп. Моск. ун-те |
| Дата издания, распространения и т.д. | [1767] |
| 215 ## - ФИЗИЧЕСКАЯ ХАРАКТЕРИСТИКА | |
| Специфическое обозначение материала и объем | [3] с. |
| Размеры | 2° |
| 300 ## - ОБЩИЕ ПРИМЕЧАНИЯ | |
| Текст примечания | Стихи |
| 321 1# - ПРИМЕЧАНИЯ ОБ ОТДЕЛЬНО ИЗДАННЫХ УКАЗАТЕЛЯХ / РЕФЕРАТАХ / ССЫЛКАХ, ОТРАЖАЮЩИХ КАТАЛОГИЗИРУЕМЫЙ ДОКУМЕНТ | |
| Примечания об указателях, рефератах, ссылках | СК XVIII 2361 |
| 620 ## - МЕСТО И ДАТА ПУБЛИКАЦИИ, ИСПОЛНЕНИЯ И Т. Д. | |
| Город | Москва |
| 700 #1 - ИМЯ ЛИЦА - ПЕРВИЧНАЯ ОТВЕТСТВЕННОСТЬ | |
| Начальный элемент ввода | Золотницкий |
| Часть имени, кроме начального элемента ввода | В.Т. |
| Даты | 1741-после 1771 |
| Расширение инициалов личного имени | Владимир Трофимович |
| Код отношения | Автор |
| 702 #1 - ИМЯ ЛИЦА - ВТОРИЧНАЯ ОТВЕТСТВЕННОСТЬ | |
| Код отношения | Объект чествования |
| Материалы, к которым относится поле | rus |
| Графика поля | Кириллица |
| Начальный элемент ввода | Панин |
| Часть имени, кроме начального элемента ввода | П. И. |
| Дополнения к именам, кроме дат | граф |
| Даты | 1721-1789 |
| Расширение инициалов личного имени | Петр Иванович |
| Идентификатор авторитетной/нормативной записи | RU\NLR\AUTH\7798083 |
| Системный номер авторитетной/нормативной записи | 81009 |
| 712 02 - НАИМЕНОВАНИЕ ОРГАНИЗАЦИИ - ВТОРИЧНАЯ ОТВЕТСТВЕННОСТЬ | |
| Начальный элемент ввода | Московский университет |
| Структурное подразделение | Типография |
| Код отношения | Печатник (типограф) |
| 801 #0 - ИСТОЧНИК ЗАПИСИ | |
| Страна | Российская Федерация |
| Организация | NLR |
| Дата составления | 20010912 |
| 830 ## - ОБЩЕЕ ПРИМЕЧАНИЕ, СОСТАВЛЕННОЕ КАТАЛОГИЗАТОРОМ | |
| Текст примечания | Вопрос к БАН |
| 899 ## - ДАННЫЕ О МЕСТОНАХОЖДЕНИИ (устаревшее) | |
| Местонахождение | КОНБ |
| 899 ## - ДАННЫЕ О МЕСТОНАХОЖДЕНИИ (устаревшее) | |
| Местонахождение | БАН |
| 899 ## - ДАННЫЕ О МЕСТОНАХОЖДЕНИИ (устаревшее) | |
| Местонахождение | КОНБ |
| 899 ## - ДАННЫЕ О МЕСТОНАХОЖДЕНИИ (устаревшее) | |
| Местонахождение | БАН |
| 942 ## - ДОПОЛНИТЕЛЬНЫЕ ЭЛЕМЕНТЫ ЗАПИСИ (АБИС) | |
| Тип экземпляра АБИС | Книга |
| 980 ## - КОЛЛЕКЦИЯ | |
| Название коллекции | Национальная библиография |
| 980 ## - КОЛЛЕКЦИЯ | |
| Название коллекции | Русская книга гражданской печати XVIII в. в библиотеках РФ |
Нет доступных экземпляров.